[Event "23rd EUR-ch"]
[Site "Vrnjacka Banja SRB"]
[Date "2023.03.03"]
[Round "1.1"]
[White "Damjanovic, Vuk"]
[Black "Sargissian, Gabriel"]
[Result "0-1"]
[WhiteElo "2361"]
[BlackElo "2699"]
[EventDate "2023.03.03"]
[PlyCount "118"]

1.d4 d5 2.c4 e6 3.Nf3 Nf6 4.Nc3 Bb4 5.Qa4+ Nc6 6.a3 Bxc3+ 7.bxc3 Ne4 8.
cxd5 exd5 9.c4 O-O 10.e3 dxc4 11.Bxc4 Be6 12.Bb2 Bxc4 13.Qxc4 Na5 14.Qa2 
c5 15.dxc5 Qd3 16.Qb1 Nxc5 17.Bd4 Rfc8 18.Qxd3 Nxd3+ 19.Ke2 Nc5 20.Bxc5 
Rxc5 21.Rhc1 Rac8 22.Rxc5 Rxc5 23.Nd4 Kf8 24.g4 g6 25.h3 Ke7 26.Kd3 Nc4 
27.Rb1 Nd6 28.e4 Ra5 29.Rb3 Kd7 30.f4 b6 31.Rc3 Ra4 32.e5 Nb7 33.f5 Nc5+ 
34.Ke3 gxf5 35.gxf5 h6 36.f6 h5 37.h4 a6 38.Nf3 Ke6 39.Ke2 Re4+ 40.Re3 Kf5
41.Ng5 Rxe5 42.Nxf7 Rxe3+ 43.Kxe3 Ke6 44.Nd8+ Kxf6 45.Nc6 Kf5 46.Kf3 Nd7 
47.Nd4+ Ke5 48.Nc6+ Kd6 49.Nd4 Kd5 50.Ne2 Ke5 51.Ng3 Nf6 52.Ke3 b5 53.Ne2 
Nd5+ 54.Kf3 a5 55.Ng3 b4 56.axb4 a4 57.Ne2 a3 58.Nc1 Nxb4 59.Nb3 a2 0-1

[Event "23rd EUR-ch"]
[Site "Vrnjacka Banja SRB"]
[Date "2023.03.03"]
[Round "1.2"]
[White "Martirosian, Haik M."]
[Black "Hagner, Bennet"]
[Result "1-0"]
[WhiteElo "2686"]
[BlackElo "2361"]
[EventDate "2023.03.03"]
[PlyCount "117"]

1.d4 Nf6 2.c4 e6 3.Nf3 d5 4.Nc3 c6 5.Bg5 dxc4 6.e4 b5 7.e5 h6 8.Bh4 g5 9.
Nxg5 hxg5 10.Bxg5 Nbd7 11.exf6 Bb7 12.Be2 Nxf6 13.Bf3 Be7 14.Qd2 Nd5 15.
Bxe7 Qxe7 16.a4 a6 17.Ne4 O-O-O 18.axb5 cxb5 19.Nc5 e5 20.Kf1 exd4 21.Nxb7
Qxb7 22.Qxd4 Qb6 23.Qxb6 Nxb6 24.Rxa6 Na4 25.g3 Nxb2 26.Kg2 Kc7 27.Rha1 
Rb8 28.Rf6 Na4 29.Rd1 Rbd8 30.Rc6+ Kb8 31.Rb1 Nc3 32.Ra1 Na4 33.Ra6 Kc7 
34.h4 Rd6 35.Ra7+ Kb6 36.Rb7+ Kc5 37.Rxf7 c3 38.h5 Kb4 39.g4 Kb3 40.g5 Kb2
41.Re1 c2 42.Rc7 Nc3 43.g6 Re8 44.Rxe8 c1=Q 45.Re3 b4 46.g7 Rd8 47.Rc4 Ka3
48.h6 Qb1 49.Be4 Qb3 50.Rcxc3 bxc3 51.h7 Qe6 52.h8=Q Qg4+ 53.Kh2 Qf4+ 54.
Kh3 Qxf2 55.Rxc3+ Kb4 56.Qxd8 Qf1+ 57.Kg4 Qe2+ 58.Rf3 Qg2+ 59.Kf5 1-0

[Event "23rd EUR-ch"]
[Site "Vrnjacka Banja SRB"]
[Date "2023.03.03"]
[Round "1.3"]
[White "Szwed, Jacek"]
[Black "Anton Guijarro, David"]
[Result "0-1"]
[WhiteElo "2361"]
[BlackElo "2685"]
[EventDate "2023.03.03"]
[PlyCount "112"]

1.e4 c5 2.Nf3 Nc6 3.Bb5 e6 4.O-O Nge7 5.c3 a6 6.Ba4 b5 7.Bc2 Bb7 8.Re1 g6 
9.d4 cxd4 10.cxd4 Bg7 11.d5 Na5 12.d6 Nec6 13.Nbd2 g5 14.Nb3 Nxb3 15.Bxb3 
g4 16.Nd2 h5 17.e5 Nxe5 18.Ne4 Bxe4 19.Rxe4 f5 20.Re2 O-O 21.a4 Qf6 22.Bd2
Ng6 23.Bc3 Qg5 24.Bxg7 Kxg7 25.Rc2 bxa4 26.Rxa4 Rf7 27.Qd4+ Qf6 28.Qb6 Qe5
29.Bc4 Rc8 30.Ra1 Rc6 31.Qb4 Rxd6 32.Bxa6 Qd4 33.Qxd4+ Rxd4 34.Rb1 Rb4 35.
Rc4 Rb6 36.Ra4 d5 37.Bf1 Rb3 38.Ra6 Kf6 39.Re1 Re7 40.Re2 Ne5 41.Rd2 Rd7 
42.Be2 h4 43.Kf1 h3 44.g3 d4 45.Ra4 d3 46.Bd1 Rb6 47.b3 Rc7 48.Rd4 Rc3 49.
f3 gxf3 50.Kf2 Ra6 51.Ke3 Ra1 52.Bxf3 Re1+ 53.Kf2 Rcc1 54.R2xd3 Rf1+ 55.
Ke2 Rce1+ 56.Kd2 Rxf3 0-1

[Event "23rd EUR-ch"]
[Site "Vrnjacka Banja SRB"]
[Date "2023.03.03"]
[Round "1.4"]
[White "Navara, David"]
[Black "Samani, Yamac"]
[Result "1-0"]
[WhiteElo "2685"]
[BlackElo "2357"]
[EventDate "2023.03.03"]
[PlyCount "83"]

1.e4 e5 2.Nf3 Nc6 3.Bb5 a6 4.Ba4 Nf6 5.d3 d6 6.c3 Bd7 7.Nbd2 g6 8.Nf1 Bg7 
9.Bg5 O-O 10.Ne3 h6 11.Bh4 Ne7 12.Bb3 a5 13.a4 Be6 14.Bc2 c6 15.d4 Qc7 16.
h3 Nh5 17.g4 Nf4 18.Bg3 Qb6 19.Qd2 f5 20.gxf5 gxf5 21.exf5 Nxf5 22.Bxf4 
exf4 23.Nxf5 Bxf5 24.O-O-O Qd8 25.Bxf5 Rxf5 26.Rhg1 Qf6 27.Rg4 b5 28.Rdg1 
Ra7 29.Rg6 Qf8 30.axb5 cxb5 31.Rxh6 a4 32.Rhg6 Rf6 33.Qc2 a3 34.Qb3+ Kh8 
35.bxa3 Rxg6 36.Rxg6 Qa8 37.Rxd6 Rxa3 38.Rd8+ Qxd8 39.Qxa3 Qd5 40.Nd2 Qg2 
41.f3 Qxh3 42.Qa8+ 1-0

[Event "23rd EUR-ch"]
[Site "Vrnjacka Banja SRB"]
[Date "2023.03.03"]
[Round "1.5"]
[White "Novkovic, Milan"]
[Black "Moussard, Jules"]
[Result "0-1"]
[WhiteElo "2356"]
[BlackElo "2684"]
[EventDate "2023.03.03"]
[PlyCount "74"]

1.d4 Nf6 2.c4 g6 3.Nc3 Bg7 4.e4 d6 5.Nf3 O-O 6.Be2 e5 7.Be3 exd4 8.Nxd4 
Re8 9.Qc2 c6 10.O-O Qe7 11.Rae1 Nxe4 12.Nxe4 Qxe4 13.Qd2 Qe7 14.Bf3 Qc7 
15.Bf4 Be5 16.b4 Bd7 17.b5 a6 18.b6 Qxb6 19.Nb3 Qd8 20.Bxe5 dxe5 21.Qc3 
Qe7 22.c5 Bc8 23.Be2 Nd7 24.Bc4 Nf6 25.f4 e4 26.h3 Bd7 27.Re3 Rad8 28.f5 
gxf5 29.Rg3+ Kh8 30.Kh1 Qe5 31.Qxe5 Rxe5 32.Bxf7 Bc8 33.Kg1 Rf8 34.Bc4 Nd7
35.Rg5 Nxc5 36.g4 Nxb3 37.Bxb3 h6 0-1

[Event "23rd EUR-ch"]
[Site "Vrnjacka Banja SRB"]
[Date "2023.03.03"]
[Round "1.6"]
[White "Predke, Alexander"]
[Black "Tadic, Stefan"]
[Result "1-0"]
[WhiteElo "2684"]
[BlackElo "2353"]
[EventDate "2023.03.03"]
[PlyCount "61"]

1.e4 c5 2.Nf3 e6 3.c3 d5 4.e5 d4 5.Na3 Ne7 6.Nc4 Nec6 7.a4 Nd7 8.Bd3 Be7 
9.O-O Nb6 10.Re1 Nxc4 11.Bxc4 b6 12.cxd4 cxd4 13.b3 Bb7 14.Bb2 O-O 15.Bd3 
Rc8 16.Be4 Qd7 17.Rc1 Nb4 18.Bxd4 Nd3 19.Rxc8 Rxc8 20.Bxd3 Bxf3 21.Qxf3 
Qxd4 22.Qb7 Re8 23.Re3 Bc5 24.Rf3 Rf8 25.Qxa7 Qxe5 26.Qd7 f5 27.g3 Rf7 28.
Qc6 g5 29.Bc4 g4 30.Rf4 Bd6 31.Kg2 1-0

[Event "23rd EUR-ch"]
[Site "Vrnjacka Banja SRB"]
[Date "2023.03.03"]
[Round "1.7"]
[White "Filip, Lucian-Ioan"]
[Black "Wojtaszek, Radoslaw"]
[Result "0-1"]
[WhiteElo "2349"]
[BlackElo "2682"]
[EventDate "2023.03.03"]
[PlyCount "80"]

1.d4 e6 2.c4 b6 3.e4 Bb4+ 4.Bd2 Bxd2+ 5.Qxd2 d5 6.cxd5 exd5 7.e5 Ne7 8.f4 
O-O 9.Nc3 c5 10.Nf3 Nbc6 11.Be2 Bg4 12.dxc5 bxc5 13.Na4 c4 14.b3 cxb3 15.
axb3 Rb8 16.Rb1 Rb4 17.O-O Qa5 18.Rb2 Rfb8 19.Rc1 Bxf3 20.Bxf3 Nd4 21.Bd1 
Ne6 22.g3 g6 23.Ra2 Qb5 24.Nc3 Qc5+ 25.Kh1 Rd4 26.Qe1 Rd3 27.Be2 Re3 28.
Ne4 Qb6 29.Nf6+ Kg7 30.Qd2 Qxb3 31.Rxa7 Nf5 32.Bg4 Rd3 33.Qa2 Qb2 34.Qxb2 
Rxb2 35.Bxf5 gxf5 36.Ra8 Rdd2 37.Rg8+ Kh6 38.g4 Rxh2+ 39.Kg1 Rbg2+ 40.Kf1 
Nxf4 0-1

[Event "23rd EUR-ch"]
[Site "Vrnjacka Banja SRB"]
[Date "2023.03.03"]
[Round "1.8"]
[White "Esipenko, Andrei"]
[Black "Manafov, Vugar"]
[Result "1/2-1/2"]
[WhiteElo "2680"]
[BlackElo "2349"]
[EventDate "2023.03.03"]
[PlyCount "81"]

1.Nf3 d5 2.g3 c6 3.Bg2 Bg4 4.O-O Nd7 5.d3 Ngf6 6.h3 Bxf3 7.Bxf3 e5 8.e4 
dxe4 9.dxe4 Be7 10.Qe2 O-O 11.a4 a5 12.Nd2 Qc7 13.Bg2 Rfe8 14.b3 Bc5 15.
Nf3 Nf8 16.Bb2 Ng6 17.h4 Rad8 18.Bh3 Bd4 19.Nxd4 exd4 20.Bg2 Ne5 21.Rad1 
c5 22.Bc1 c4 23.bxc4 Qxc4 24.Qxc4 Nxc4 25.Rfe1 h6 26.Rd3 Ne5 27.Rd2 Nc4 
28.Rdd1 Re7 29.e5 Nxe5 30.Ba3 Ree8 31.Bxb7 Nd5 32.Bxd5 Rxd5 33.Kg2 Rc8 34.
Bb2 Rxc2 35.Rxd4 Rxd4 36.Bxd4 Nc6 37.Bb6 Rb2 38.Bc7 Rb4 39.Rc1 Nd4 40.Bxa5
Rxa4 41.Bd2 1/2-1/2

[Event "23rd EUR-ch"]
[Site "Vrnjacka Banja SRB"]
[Date "2023.03.03"]
[Round "1.9"]
[White "Danov, Liubomir"]
[Black "Gelfand, Boris"]
[Result "0-1"]
[WhiteElo "2349"]
[BlackElo "2674"]
[EventDate "2023.03.03"]
[PlyCount "91"]

1.e4 c5 2.Nc3 Nc6 3.Bb5 Nd4 4.Nf3 e6 5.Bd3 Nc6 6.O-O a6 7.Nd5 g6 8.c3 Bg7 
9.Ne3 d5 10.exd5 exd5 11.Re1 Nge7 12.Bf1 d4 13.Nc2 d3 14.Ne3 O-O 15.b3 b5 
16.Ba3 Qd6 17.Qb1 Rd8 18.Bb2 f5 19.a4 Rb8 20.axb5 axb5 21.c4 Bxb2 22.Qxb2 
f4 23.Nd5 Nxd5 24.cxd5 Qxd5 25.Ne5 Qd4 26.Nxd3 Qxb2 27.Nxb2 Bf5 28.Ra6 Nd4
29.Ra7 Re8 30.Rxe8+ Rxe8 31.f3 Re1 32.Kf2 Rb1 33.Ra2 Bc2 34.Bd3 Rxb2 35.
Rxb2 Bxd3 36.b4 cxb4 37.Rxb4 Bc4 38.d3 Nc6 39.dxc4 Nxb4 40.cxb5 Nd5 41.Ke1
Kf7 42.Kd2 Ke6 43.Kd3 Ne3 44.g3 Kd5 45.gxf4 Nf5 46.b6 0-1

[Event "23rd EUR-ch"]
[Site "Vrnjacka Banja SRB"]
[Date "2023.03.03"]
[Round "1.10"]
[White "Saric, Ivan"]
[Black "Milosevic, Milos"]
[Result "1-0"]
[WhiteElo "2674"]
[BlackElo "2347"]
[EventDate "2023.03.03"]
[PlyCount "81"]

1.e4 e5 2.Nf3 Nf6 3.Nxe5 d6 4.Nf3 Nxe4 5.c4 Be7 6.Nc3 Nxc3 7.dxc3 O-O 8.
Bd3 Bg4 9.h3 Bh5 10.Qc2 Bxf3 11.Bxh7+ Kh8 12.gxf3 Re8 13.Be4 Bg5 14.Bxg5 
Qxg5 15.Qd2 Qxd2+ 16.Kxd2 Nd7 17.Rae1 c6 18.f4 g6 19.Re3 f5 20.Bf3 Kg7 21.
h4 Nf6 22.h5 Rxe3 23.fxe3 gxh5 24.Bxh5 Nxh5 25.Rxh5 Kg6 26.Rh2 Re8 27.Kd3 
Kg7 28.a4 Kg6 29.a5 a6 30.b4 Ra8 31.Kd4 Kg7 32.c5 Rd8 33.cxd6 Rxd6+ 34.Kc5
Rd5+ 35.Kb6 Rb5+ 36.Ka7 c5 37.Rd2 cxb4 38.cxb4 Rxb4 39.Rd7+ Kf6 40.Rxb7 
Re4 41.Rb3 1-0

[Event "23rd EUR-ch"]
[Site "Vrnjacka Banja SRB"]
[Date "2023.03.03"]
[Round "1.11"]
[White "Nyysti, Sampsa"]
[Black "Sarana, Alexei"]
[Result "0-1"]
[WhiteElo "2345"]
[BlackElo "2668"]
[EventDate "2023.03.03"]
[PlyCount "158"]

1.e4 c5 2.Nf3 d6 3.d4 cxd4 4.Nxd4 Nf6 5.Nc3 a6 6.g3 e5 7.Nb3 Be7 8.Bg5 
Nbd7 9.a4 O-O 10.a5 b5 11.axb6 Nxb6 12.Be2 Qc7 13.O-O Rd8 14.Bxf6 Bxf6 15.
Re1 Be6 16.Nd5 Nxd5 17.exd5 Bc8 18.Na5 Bd7 19.Bf1 g6 20.Re3 e4 21.Rxe4 
Bxb2 22.Ra2 Bg7 23.Rc4 Qb6 24.Nc6 Re8 25.Rb4 Qc5 26.Rc4 Qb6 27.Rb4 Qc7 28.
Rc4 Bf5 29.Nd4 Qd7 30.Nxf5 Qxf5 31.Rf4 Qe5 32.Rxa6 Rxa6 33.Bxa6 Ra8 34.Ra4
Rb8 35.Bf1 h5 36.Ra3 Bh6 37.h4 Rb4 38.Bg2 Rd4 39.Rd3 Ra4 40.Rb3 f5 41.f4 
Qe7 42.Bf3 Bxf4 43.gxf4 Qxh4 44.Qb1 Kh7 45.Rb4 Qg3+ 46.Bg2 Ra3 47.Rb3 Rxb3
48.cxb3 Qxf4 49.Qe1 Qd4+ 50.Kh1 Kh6 51.b4 Qd3 52.Kh2 Qd4 53.b5 h4 54.Qb1 
Qf4+ 55.Kh1 Qg3 56.Qf1 Qe3 57.Qf3 Qd4 58.Bf1 Kg7 59.Qd3 Qb2 60.Qc4 Qf2 61.
Qe2 Qd4 62.Bg2 Kh6 63.Bf3 Qc5 64.Kg2 Qd4 65.Qc2 Qe3 66.Qb2 Qf4 67.Qf2 g5 
68.b6 h3+ 69.Kg1 g4 70.b7 g3 71.Qe2 Qd4+ 72.Kh1 Qa1+ 73.Qd1 Qb2 74.Qg1 f4 
75.Bg4 Qxb7 76.Qd4 Qb1+ 77.Bd1 Kg6 78.Kg1 Kf5 79.Qd2 Qb6+ 0-1

[Event "23rd EUR-ch"]
[Site "Vrnjacka Banja SRB"]
[Date "2023.03.03"]
[Round "1.13"]
[White "Bashirli, Nail"]
[Black "Naer, Evgeny"]
[Result "0-1"]
[WhiteElo "2343"]
[BlackElo "2666"]
[EventDate "2023.03.03"]
[PlyCount "52"]

1.e4 c5 2.Nf3 e6 3.Nc3 Nc6 4.d4 cxd4 5.Nxd4 Qc7 6.Be3 a6 7.Qd2 Nf6 8.f4 b5
9.Bd3 b4 10.Nce2 Bb7 11.Ng3 Be7 12.O-O-O O-O 13.Rhf1 a5 14.Nb5 Qb8 15.e5 
Nd5 16.Ne4 Ba6 17.Nbd6 b3 18.axb3 Bxd3 19.Qxd3 Ncb4 20.Qd4 a4 21.c4 Nc6 
22.Qd3 Ndb4 23.Qe2 a3 24.bxa3 Rxa3 25.Nc3 Bxd6 26.Rxd6 Rxb3 0-1

[Event "23rd EUR-ch"]
[Site "Vrnjacka Banja SRB"]
[Date "2023.03.03"]
[Round "1.14"]
[White "Ivanchuk, Vasyl"]
[Black "Sahakian, Aleks"]
[Result "1/2-1/2"]
[WhiteElo "2664"]
[BlackElo "2343"]
[EventDate "2023.03.03"]
[PlyCount "70"]

1.d4 Nf6 2.c4 e6 3.Nc3 Bb4 4.e3 O-O 5.Bd3 d5 6.Nf3 b6 7.O-O Ba6 8.cxd5 
Bxd3 9.Qxd3 exd5 10.Bd2 Nbd7 11.Rac1 c6 12.Nb1 Bxd2 13.Nbxd2 c5 14.dxc5 
bxc5 15.e4 c4 16.Qd4 dxe4 17.Nxe4 Nxe4 18.Qxe4 Qf6 19.Rfd1 Nb6 20.Qe5 Qxe5
21.Nxe5 Rfd8 22.Kf1 Rxd1+ 23.Rxd1 g6 24.Rd6 Rb8 25.g4 h6 26.h4 Re8 27.Nc6 
Na4 28.b3 c3 29.Nb4 a5 30.Nd5 Re5 31.Ne3 Nc5 32.Rc6 Kg7 33.Ke2 c2 34.Kd2 
Ne4+ 35.Ke2 Nc5 1/2-1/2

[Event "23rd EUR-ch"]
[Site "Vrnjacka Banja SRB"]
[Date "2023.03.03"]
[Round "1.15"]
[White "Van Foreest, Machteld"]
[Black "Cheparinov, Ivan"]
[Result "0-1"]
[WhiteElo "2341"]
[BlackElo "2661"]
[EventDate "2023.03.03"]
[PlyCount "108"]

1.e4 e5 2.Nf3 Nc6 3.Bc4 Nf6 4.d3 Bc5 5.c3 d6 6.Bb3 a5 7.O-O O-O 8.Nbd2 h6 
9.h3 Re8 10.Re1 Be6 11.Nf1 Bxb3 12.Qxb3 a4 13.Qc2 d5 14.Ng3 Bf8 15.Nf5 Qd7
16.Be3 b5 17.b3 Qe6 18.Ng3 Red8 19.exd5 Nxd5 20.d4 axb3 21.axb3 Rxa1 22.
Rxa1 b4 23.cxb4 Ndxb4 24.Qb2 exd4 25.Nxd4 Nxd4 26.Bxd4 Rxd4 27.Qxd4 Nc2 
28.Qc3 Nxa1 29.Qxa1 Qxb3 30.Ne4 Qd5 31.Qb1 Qd4 32.Qc2 c5 33.Nd2 Qa1+ 34.
Kh2 Qe5+ 35.Kg1 Qe2 36.Qc1 Be7 37.Nc4 Bf6 38.Ne3 Bd4 39.Qc2 Qe1+ 40.Nf1 c4
41.Qf5 g6 42.Qf4 Qd1 43.Kh2 c3 44.Ne3 Qd2 45.Qe4 Bxe3 46.Qe8+ Kg7 47.Qe5+ 
Kh7 48.fxe3 c2 49.Qc7 Qf2 50.Qc3 h5 51.Qc7 h4 52.Qc3 Kg8 53.Qc8+ Kg7 54.
Qc3+ Kh7 0-1

[Event "23rd EUR-ch"]
[Site "Vrnjacka Banja SRB"]
[Date "2023.03.03"]
[Round "1.16"]
[White "Bacrot, Etienne"]
[Black "Fitzsimons, David"]
[Result "1-0"]
[WhiteElo "2659"]
[BlackElo "2338"]
[EventDate "2023.03.03"]
[PlyCount "59"]

1.c4 e6 2.g3 d5 3.Bg2 Nf6 4.Nf3 Be7 5.O-O O-O 6.d4 c6 7.Nc3 a5 8.Bf4 dxc4 
9.Ne5 Nd5 10.Nxc4 Nxf4 11.gxf4 Nd7 12.Rc1 Nb6 13.Ne5 Nd5 14.e3 f6 15.Nd3 
b6 16.f5 Qe8 17.Qb3 Kh8 18.Rfd1 b5 19.Qc2 Ra6 20.fxe6 Nxc3 21.Qxc3 Bxe6 
22.Nc5 Bxc5 23.Qxc5 Bd7 24.Qd6 Qc8 25.d5 Bg4 26.Rd4 Rd8 27.Qg3 Bf5 28.dxc6
Re8 29.c7 Ra7 30.Qd6 1-0

[Event "23rd EUR-ch"]
[Site "Vrnjacka Banja SRB"]
[Date "2023.03.03"]
[Round "1.17"]
[White "Adan Bermudez, Sergio"]
[Black "Grandelius, Nils"]
[Result "0-1"]
[WhiteElo "2338"]
[BlackElo "2658"]
[EventDate "2023.03.03"]
[PlyCount "64"]

1.Nf3 d5 2.e3 c5 3.Bb5+ Bd7 4.Qe2 Nf6 5.O-O g6 6.Bxd7+ Qxd7 7.d4 Bg7 8.Ne5
Qc7 9.Qb5+ Nbd7 10.Nxd7 Nxd7 11.dxc5 a6 12.Qe2 Nxc5 13.Nd2 O-O 14.c4 dxc4 
15.Qxc4 b5 16.Qe2 Rac8 17.Rb1 Rfd8 18.e4 Qc6 19.h3 Na4 20.Nf3 Qe6 21.a3 
Qa2 22.Bd2 Rc2 23.e5 Nxb2 24.Qe4 Rcxd2 25.Nxd2 Rxd2 26.Qa8+ Bf8 27.Qxa6 
Qd5 28.Rbc1 Nc4 29.Rfe1 e6 30.a4 Bc5 31.Qxb5 Bxf2+ 32.Kh1 Qxb5 0-1

[Event "23rd EUR-ch"]
[Site "Vrnjacka Banja SRB"]
[Date "2023.03.03"]
[Round "1.18"]
[White "Korobov, Anton"]
[Black "Bazakutsa, Svyatoslav"]
[Result "1-0"]
[WhiteElo "2658"]
[BlackElo "2335"]
[EventDate "2023.03.03"]
[PlyCount "77"]

1.d4 Nf6 2.c4 g6 3.Nc3 Bg7 4.e4 d6 5.Be2 O-O 6.Nf3 e5 7.O-O exd4 8.Nxd4 
Re8 9.f3 c6 10.Kh1 d5 11.exd5 cxd5 12.Bg5 Nc6 13.Nxc6 bxc6 14.cxd5 cxd5 
15.Rc1 Qb6 16.Na4 Qd6 17.Bd3 h6 18.Bh4 Nh5 19.b3 Be5 20.Bb5 Bd7 21.Bxd7 
Qxd7 22.Bf2 Qd6 23.g3 Ng7 24.Nc3 Bxc3 25.Rxc3 Qa6 26.a4 Nf5 27.Qd3 Qb7 28.
Rfc1 d4 29.Rc7 Qd5 30.R1c5 Qe6 31.g4 Ne3 32.R5c6 Qd5 33.Rxg6+ Kf8 34.Rf6 
Rac8 35.Rxc8 Nxg4 36.Rxe8+ Kxe8 37.Qxd4 Nxf6 38.Qxf6 Qxb3 39.Qc6+ 1-0

[Event "23rd EUR-ch"]
[Site "Vrnjacka Banja SRB"]
[Date "2023.03.03"]
[Round "1.19"]
[White "Yordanov, Lachezar"]
[Black "Ponomariov, Ruslan"]
[Result "0-1"]
[WhiteElo "2335"]
[BlackElo "2655"]
[EventDate "2023.03.03"]
[PlyCount "80"]

1.d4 Nf6 2.c4 g6 3.Nc3 Bg7 4.e4 d6 5.Be2 O-O 6.Nf3 Nbd7 7.O-O e5 8.Be3 Qe7
9.Qc2 c6 10.Rad1 Re8 11.d5 c5 12.g3 Nf8 13.Rfe1 h5 14.Qc1 N8h7 15.Nh4 Kh8 
16.f3 Ng8 17.Kh1 Bf6 18.Ng2 Bh3 19.Rg1 Bg5 20.a3 Kg7 21.Rdf1 Bxe3 22.Qxe3 
Nh6 23.Rf2 Bxg2+ 24.Rfxg2 h4 25.Qd2 Ng5 26.Rf1 hxg3 27.hxg3 f5 28.Rh2 Rh8 
29.Kg2 Raf8 30.Bd3 f4 31.gxf4 Rxf4 32.Ne2 Rff8 33.Ng3 Nhf7 34.Rfh1 Qd8 35.
Qe1 Rxh2+ 36.Rxh2 Rh8 37.Qh1 Rxh2+ 38.Qxh2 Qb6 39.Qh4 Qxb2+ 40.Be2 b5 0-1

[Event "23rd EUR-ch"]
[Site "Vrnjacka Banja SRB"]
[Date "2023.03.03"]
[Round "1.20"]
[White "Santos Latasa, Jaime"]
[Black "Burcu, Cagatay"]
[Result "1-0"]
[WhiteElo "2655"]
[BlackElo "2331"]
[EventDate "2023.03.03"]
[PlyCount "71"]

1.e4 c6 2.d4 d5 3.e5 c5 4.dxc5 e6 5.Nf3 Bxc5 6.a3 Ne7 7.b4 Bb6 8.Bb2 Nbc6 
9.Bd3 Ng6 10.b5 Nb8 11.h4 Nd7 12.h5 Ne7 13.a4 Nc5 14.Qd2 Ba5 15.Bc3 Nxd3+ 
16.cxd3 Bxc3 17.Nxc3 Bd7 18.h6 g6 19.Qf4 Ng8 20.O-O f5 21.Rac1 Ne7 22.Ne2 
O-O 23.Qb4 Re8 24.Ned4 a6 25.Rc2 axb5 26.axb5 Rc8 27.Rfc1 Rxc2 28.Rxc2 Nc8
29.Qc5 g5 30.Qc7 g4 31.Qxd8 Rxd8 32.Ng5 Re8 33.Rc7 Re7 34.Rxb7 Kf8 35.b6 
Ke8 36.Rb8 1-0

[Event "23rd EUR-ch"]
[Site "Vrnjacka Banja SRB"]
[Date "2023.03.03"]
[Round "1.21"]
[White "Velikic, Adela"]
[Black "Donchenko, Alexander"]
[Result "0-1"]
[WhiteElo "2329"]
[BlackElo "2653"]
[EventDate "2023.03.03"]
[PlyCount "72"]

1.d4 Nf6 2.c4 e6 3.Nc3 Bb4 4.f3 d5 5.a3 Be7 6.e4 dxe4 7.fxe4 c5 8.d5 exd5 
9.exd5 O-O 10.Nf3 Bg4 11.Be2 Bxf3 12.Bxf3 Bd6 13.O-O Nbd7 14.g3 a6 15.Kg2 
Re8 16.b3 b5 17.cxb5 Be5 18.Bb2 axb5 19.Qd2 Qb8 20.Rae1 b4 21.axb4 Qxb4 
22.Qc2 Rab8 23.Ba1 Bd4 24.Rxe8+ Nxe8 25.Qf5 Ndf6 26.Ne2 Bxa1 27.Rxa1 Qxb3 
28.Rc1 Qe3 29.Qf4 Qxf4 30.Nxf4 Rc8 31.Nd3 c4 32.Ne5 Nd6 33.Kf2 Kf8 34.Rc2 
Rc7 35.Ke3 Re7 36.Kd4 Nf5+ 0-1

[Event "23rd EUR-ch"]
[Site "Vrnjacka Banja SRB"]
[Date "2023.03.03"]
[Round "1.22"]
[White "Nguyen Thai Dai Van"]
[Black "Yurtseven, Melih"]
[Result "1-0"]
[WhiteElo "2651"]
[BlackElo "2327"]
[EventDate "2023.03.03"]
[PlyCount "67"]

1.Nf3 Nf6 2.c4 e6 3.g3 d5 4.d4 Be7 5.Bg2 O-O 6.O-O c6 7.b3 Nbd7 8.Nc3 b6 
9.Bb2 Bb7 10.Rc1 Rc8 11.Qd3 Ba6 12.e4 dxc4 13.bxc4 e5 14.dxe5 Ng4 15.Ne2 
Nc5 16.Qc2 Qd3 17.h3 Nh6 18.Rfd1 Qxc2 19.Rxc2 Rfd8 20.Rxd8+ Rxd8 21.Nfd4 
Na4 22.Nxc6 Rd1+ 23.Kh2 Nxb2 24.Nxe7+ Kf8 25.Rxb2 Kxe7 26.Rc2 Kd7 27.Nf4 
g5 28.Nd5 Bb7 29.Nf6+ Kc6 30.g4 Kc5 31.h4 Kd4 32.hxg5 Kxe5 33.gxh6 Kxf6 
34.e5+ 1-0

[Event "23rd EUR-ch"]
[Site "Vrnjacka Banja SRB"]
[Date "2023.03.03"]
[Round "1.23"]
[White "Ciorgovean, Iustin"]
[Black "Gledura, Benjamin"]
[Result "0-1"]
[WhiteElo "2325"]
[BlackElo "2637"]
[EventDate "2023.03.03"]
[PlyCount "50"]

1.d4 g6 2.c4 Bg7 3.Nf3 d6 4.Nc3 c5 5.dxc5 Bxc3+ 6.bxc3 dxc5 7.Qxd8+ Kxd8 
8.g3 f6 9.Bg2 Nd7 10.O-O Kc7 11.Rd1 g5 12.h4 h6 13.Be3 Rb8 14.Rd2 b6 15.
Rad1 Rh7 16.Rd5 Rg7 17.Kf1 a6 18.a3 a5 19.Bc1 Nf8 20.Rd8 Ng6 21.h5 Nh8 22.
Nh2 Nf7 23.Rf8 f5 24.e4 fxe4 25.Bxe4 Bh3+ 0-1

[Event "23rd EUR-ch"]
[Site "Vrnjacka Banja SRB"]
[Date "2023.03.03"]
[Round "1.24"]
[White "Indjic, Aleksandar"]
[Black "Filip, Andrei"]
[Result "1-0"]
[WhiteElo "2636"]
[BlackElo "2325"]
[EventDate "2023.03.03"]
[PlyCount "127"]

1.d4 Nf6 2.c4 e6 3.Nc3 Bb4 4.e3 O-O 5.a3 Bxc3+ 6.bxc3 b6 7.Bd3 Bb7 8.f3 d6
9.e4 Nbd7 10.Bg5 e5 11.Ne2 Re8 12.O-O Nf8 13.Ng3 h6 14.Be3 Ng6 15.Qd2 Bc8 
16.h3 Be6 17.Rf2 c5 18.d5 Bd7 19.Bc2 Rf8 20.a4 Rb8 21.Nf5 Bxf5 22.exf5 Ne7
23.g4 Nh7 24.h4 Qd7 25.Rg2 Kh8 26.Rf1 f6 27.f4 Rbe8 28.Qd1 e4 29.Bc1 Ng8 
30.h5 Re7 31.Re1 Rfe8 32.a5 Qb7 33.Ba4 Rd8 34.axb6 Qxb6 35.Rb2 Qa5 36.Qc2 
Nf8 37.Ra2 a6 38.Bd2 Qc7 39.Rxe4 Rxe4 40.Qxe4 Rb8 41.Bc6 Qb6 42.Kf2 Kh7 
43.Bc1 Kh8 44.Ke2 Kh7 45.Kd2 Qc7 46.Rxa6 Ne7 47.Bb5 Nc8 48.Ke2 Nb6 49.Bc6 
Kh8 50.Kf3 Kh7 51.Be3 Nc8 52.Ra1 Ne7 53.Bb5 Qb7 54.Bf2 Kh8 55.Bh4 Ng8 56.
Ra6 Qc7 57.Bf2 Qd8 58.Bc6 Rb3 59.Bb5 Qb8 60.Qe8 Rxc3+ 61.Be3 Qxe8 62.Bxe8 
Rxc4 63.Rxd6 Rc3 64.Rd8 1-0

[Event "23rd EUR-ch"]
[Site "Vrnjacka Banja SRB"]
[Date "2023.03.03"]
[Round "1.25"]
[White "Sukovic, Andrej"]
[Black "Rakhmanov, Alexander"]
[Result "0-1"]
[WhiteElo "2322"]
[BlackElo "2635"]
[EventDate "2023.03.03"]
[PlyCount "94"]

1.e4 e6 2.d4 d5 3.Nc3 dxe4 4.Nxe4 Bd7 5.Nf3 Bc6 6.Bd3 Nd7 7.O-O Ngf6 8.Re1
Bxe4 9.Bxe4 Nxe4 10.Rxe4 Be7 11.Rg4 Bf6 12.Bg5 h6 13.Bxf6 Qxf6 14.Qe2 O-O 
15.Qb5 Nb6 16.Re4 Rfd8 17.c3 a5 18.a4 Rd5 19.Qe2 Nd7 20.g3 Rd8 21.Re1 c6 
22.c4 Rd6 23.Ne5 Qe7 24.Nf3 b6 25.Re3 Qf8 26.Rd1 c5 27.Red3 cxd4 28.Rxd4 
Nc5 29.Qc2 Rxd4 30.Rxd4 Rxd4 31.Nxd4 Qd6 32.Nb5 Qd3 33.Qxd3 Nxd3 34.b3 Nc5
35.Nd4 e5 36.Nc6 Nxb3 37.Ne7+ Kf8 38.Nd5 Nc5 39.Nxb6 Ke7 40.Kf1 Kd6 41.Ke2
Kc6 42.Nd5 Nxa4 43.Ne7+ Kc5 44.Nf5 Kxc4 45.Nd6+ Kd4 46.Nxf7 Nc3+ 47.Kd2 
Ne4+ 0-1

[Event "23rd EUR-ch"]
[Site "Vrnjacka Banja SRB"]
[Date "2023.03.03"]
[Round "1.26"]
[White "Petrosian, Manuel"]
[Black "Gaal, Zsoka"]
[Result "1-0"]
[WhiteElo "2634"]
[BlackElo "2320"]
[EventDate "2023.03.03"]
[PlyCount "89"]

1.c4 Nf6 2.d4 e6 3.Nc3 Bb4 4.e3 O-O 5.Bd2 c5 6.a3 Bxc3 7.Bxc3 Ne4 8.Ne2 b6
9.f3 Nxc3 10.Nxc3 Re8 11.Be2 Bb7 12.dxc5 Qg5 13.Kf2 Qxc5 14.Qd4 Qe7 15.
Rad1 d5 16.cxd5 exd5 17.Bb5 Rd8 18.h4 a6 19.Bc4 Nd7 20.Bxd5 Nc5 21.e4 a5 
22.Qe3 Rac8 23.Qg5 Qf8 24.Bxb7 Nxb7 25.Rxd8 Nxd8 26.Rd1 Ne6 27.Qe3 Qe7 28.
g3 b5 29.Rc1 Qd7 30.Nd5 Rxc1 31.Qxc1 f5 32.Qc6 Qxc6 33.Ne7+ Kf7 34.Nxc6 
fxe4 35.fxe4 Nc5 36.Ke3 Nb7 37.g4 h6 38.b4 axb4 39.axb4 g5 40.hxg5 hxg5 
41.e5 Ke6 42.Ke4 Kd7 43.Kd5 Kc7 44.Nd4 Kb6 45.Ne6 1-0

[Event "23rd EUR-ch"]
[Site "Vrnjacka Banja SRB"]
[Date "2023.03.03"]
[Round "1.27"]
[White "Gorodetzky, Matan"]
[Black "Chigaev, Maxim"]
[Result "1/2-1/2"]
[WhiteElo "2319"]
[BlackElo "2632"]
[EventDate "2023.03.03"]
[PlyCount "96"]

1.e4 e5 2.Nf3 Nc6 3.Bc4 Nf6 4.d3 Bc5 5.Nc3 h6 6.O-O a6 7.a3 d6 8.b4 Ba7 9.
Be3 O-O 10.h3 Be6 11.Bxa7 Rxa7 12.Bxe6 fxe6 13.d4 exd4 14.Nxd4 Qd7 15.f4 
Raa8 16.Rf2 Rae8 17.Nde2 Qf7 18.Qd3 e5 19.f5 Ne7 20.Rd1 Rd8 21.Qe3 d5 22.
exd5 Nexd5 23.Nxd5 Rxd5 24.Re1 Qd7 25.Rff1 Re8 26.Nc3 Rd4 27.Qf3 e4 28.Qe3
Rc4 29.Ne2 Kh7 30.Qb3 b5 31.Kh1 e3 32.Qd3 Qxd3 33.cxd3 Rc2 34.Nf4 Re5 35.
g4 Ra2 36.Rf3 e2 37.Rf2 Rxa3 38.Rfxe2 Rxe2 39.Rxe2 a5 40.bxa5 b4 41.Kg2 
Rxa5 42.Rb2 Ra4 43.d4 c6 44.Kf3 Kg8 45.Ke3 Ra3+ 46.Ke2 Ra4 47.Kd3 Ra3+ 48.
Ke2 Ra4 1/2-1/2

[Event "23rd EUR-ch"]
[Site "Vrnjacka Banja SRB"]
[Date "2023.03.03"]
[Round "1.28"]
[White "Sargsian, Shant"]
[Black "Jocev, Milan"]
[Result "1-0"]
[WhiteElo "2630"]
[BlackElo "2315"]
[EventDate "2023.03.03"]
[PlyCount "87"]

1.d4 Nf6 2.c4 g6 3.Nc3 Bg7 4.e4 d6 5.Nf3 O-O 6.Be2 e5 7.O-O Bg4 8.d5 a5 9.
Be3 Na6 10.a3 Nd7 11.Nd2 Bxe2 12.Qxe2 Ndc5 13.b3 Qh4 14.Rab1 f5 15.f3 Bh6 
16.Bf2 Qh5 17.b4 axb4 18.axb4 Nd7 19.Rfd1 Rf7 20.Nf1 Bf8 21.Ra1 Re8 22.Ng3
Qg5 23.Nb5 Nf6 24.Ra4 f4 25.Nf1 h5 26.Rc1 Qh6 27.c5 Qg7 28.c6 bxc6 29.dxc6
Nxb4 30.Rxb4 d5 31.Ra4 dxe4 32.fxe4 Ng4 33.Nc3 g5 34.Nd5 Bd6 35.Bc5 Bxc5+ 
36.Rxc5 Ref8 37.Nd2 Qg6 38.Nf3 Qd6 39.Rc1 Rg7 40.Qb2 Re8 41.Qa3 Qg6 42.Ra8
Rxa8 43.Qxa8+ Kh7 44.Qc8 1-0